Normal view
MARC view
Entry Término temático
001 - NÚMERO DE CONTROL
- campo de control: 14971
003 - IDENTIFICADOR DEL NÚMERO DE CONTROL
- campo de control: OSt
005 - FECHA Y HORA DE LA ÚLTIMA TRANSACCIÓN
- campo de control: 20200615032503.0
008 - DATOS DE LONGITUD FIJA
- campo de control de longitud fija: 200615|| aca||aabn | a|a d
040 ## - FUENTE DE LA CATALOGACIÓN
- Centro catalogador/agencia de origen: OSt
- Centro/agencia transcriptor: OSt
150 ## - ENCABEZAMIENTO--TÉRMINO DE MATERIA
- Término de materia o nombre geográfico como elemento de entrada: YUCATAN (MÉXICO)
- Subdivisión general: CONDICIONES SOCIALES
- Subdivisión cronológica: SIGLO XVIII
670 ## - FUENTE DE DATOS ENCONTRADOS
- Cita de la fuente: Work cat.: (OSt)5047: García Bernal, Manuela Cristina 14969, La sociedad de Yucatán, 1700-1750 /, 1972.
